000 00316nam a2200121Ia 4500
008 250327s9999 xx 000 0 und d
020 _a9780691242248
082 _bCOC
_aCQR
100 _aJHON H. COCHRANE
_934082
245 0 _aTHE FISCAL THEORY OF THE PRICE LEVEL
260 _bPRINCETON UNIVERSITY PRESS
942 _cBK
999 _c6764
_d6764